Cette-année là: 1835 - Statistiques

Statistiques générales
  • Ce quiz a été pris 20 fois
  • Le résultat moyen est 5 sur 10
Statistiques - réponses
Indices Réponses % Correct
1er février: Cette culture commence à Darjeeling, rachetée par les Anglais au roi du Sikkim Thé
86%
30 janvier: Je suis le premier président américain à subir une tentative d'assassinat Andrew Jackson
64%
15 septembre: Je séjourne aux Galapagos où j'y observe les espèces Charles Darwin
64%
16 décembre: Grand incendie dans cette ville américaine New-York
64%
8 mai: Je publie mes contes de fées Hans Christian Andersen
50%
28 juillet: Anarchiste Corse qui échoue à assassiner Louis-Philippe Giuseppe Marco Fieschi
43%
21 novembre: Les Français prennent cette capitale d'Abdelkader (indice: synonyme d'un maquillage) Mascara
29%
17 octobre: création de cette police au Texas Texas Ranger Division
29%
Juillet: Les Boers quittent la colonie du Cap, c'est le ... Grand Trek
21%
Réforme qui fait que nous n'écrivons plus enfans mais enfants et plus François mais Français Réforme de l'orthographe
7%
Aucun quiz correspondant
Distribution des résultats
% des personnes avec chaque résultat
Percentile par nombre de réponses
Votre historique - résultats
Vous n’avez pas pris ce quiz